000 00847nam a2200289 a 4500
003 AR-BaBNM
005 20251128205928.0
008 082120s2002 ||||||||||||||000 | spa||
020 _a950-503-273-0
040 _cAR-BaBNM
100 1 _aRatto, Jorge A.
245 0 0 _aCiencias naturales
_b3er ciclo de EGB aspectos informativos y didácticos
_n4
250 _a1ª ed.
260 _aBuenos Aires
_bMarymar
_c1997
300 _a385 p.
_bil.
490 0 _aEl maestro en su acción cotidiana
650 4 _aCIENCIAS NATURALES
650 4 _aFORMACION PROFESIONAL
650 4 _aTECNICAS DIDACTICAS
650 4 _aRECURSOS EDUCACIONALES
653 _aEDUCACION GENERAL BASICA
653 _aCONTENIDOS BASICOS COMUNES
653 _aESTRATEGIAS EDUCATIVAS
653 _aPROCESO DE ENSEÑANZA-APRENDIZAJE
942 _cBK
998 _cCARMEN
999 _c13346
_d13346